[Event "BL 8384 Bayern-Solingen"]
[Site "?"]
[Date "1984.??.??"]
[Round "?.2"]
[White "Kindermann, S."]
[Black "Spassky, B."]
[Result "1-0"]
[WhiteElo "2500"]
[BlackElo "2605"]
[PlyCount "101"]
[EventDate "1984.??.??"]

1. e4 e5 2. Nf3 Nc6 3. Bb5 a6 4. Ba4 Nf6 5. O-O Be7 6. Re1 b5 7. Bb3 d6 8. c3
O-O 9. h3 Nb8 10. d4 Nbd7 11. Nbd2 Bb7 12. Bc2 Re8 13. Nf1 d5 14. Nxe5 Nxe5 15.
dxe5 Nxe4 16. f3 Nc5 17. b4 Nd7 18. f4 a5 19. Qd3 g6 20. Qxb5 Qc8 21. bxa5 c6
22. Qd3 Qd8 23. Nh2 Bf8 24. Qg3 Bg7 25. Nf3 Qc7 26. Bd2 Nc5 27. h4 Ba6 28. Nd4
Rab8 29. h5 Rb2 30. Bc1 Rxc2 31. Nxc2 Ne4 32. Qf3 Qxa5 33. Nb4 Bb7 34. hxg6
hxg6 35. Rxe4 dxe4 36. Qxe4 Ba8 37. Qe1 f6 38. Nd3 Qd5 39. Qg3 g5 40. exf6 Bxf6
41. Nf2 Bxc3 42. Qxc3 c5 43. Qg3 Qd4 44. Qxg5+ Kf7 45. Qh5+ Kf8 46. Qh6+ Kf7
47. Qh7+ Kf8 48. Rb1 Qd5 49. Qh6+ Kf7 50. Qh7+ Kf8 51. Qh6+ 1-0

[Event "BL 8384 Bayern-Solingen"]
[Site "?"]
[Date "1984.??.??"]
[Round "?.3"]
[White "Lobron, E."]
[Black "Hecht, H."]
[Result "1/2-1/2"]
[WhiteElo "2480"]
[BlackElo "2450"]
[PlyCount "105"]
[EventDate "1984.??.??"]

1. e4 e6 2. d4 d5 3. Nd2 Nf6 4. e5 Nfd7 5. Bd3 c5 6. c3 Nc6 7. Ne2 cxd4 8. cxd4
Nb6 9. a3 Bd7 10. O-O a5 11. b3 a4 12. b4 Na7 13. Nc3 Be7 14. Bb2 O-O 15. Qe2
Rc8 16. f4 f5 17. h3 Be8 18. Kh2 Bg6 19. Nd1 Qd7 20. Ne3 Na8 21. g4 b5 22. gxf5
Bxf5 23. Bxf5 exf5 24. Rf2 Nb6 25. Rg1 Qe6 26. Rfg2 g6 27. Qh5 Rc6 28. Ne4 dxe4
29. d5 Nxd5 30. Nxd5 Qxd5 31. Rxg6+ Rxg6 32. Rxg6+ hxg6 33. Qxg6+ Kh8 34. e6+
Bf6 35. Bxf6+ Rxf6 36. Qxf6+ Kg8 37. Kg3 Nc6 38. Kh4 e3 39. Qf7+ Kh8 40. Qf8+
Kh7 41. e7 Nxe7 42. Qxe7+ Kh6 43. Qxe3 Qd8+ 44. Kg3 Qg8+ 45. Kf2 Qa2+ 46. Ke1
Qb1+ 47. Ke2 Qa2+ 48. Kf1 Qa1+ 49. Kg2 Qa2+ 50. Qf2 Qxa3 51. Qh4+ Kg7 52. Qg5+
Kh8 53. Qf6+ 1/2-1/2

[Event "BL 8384 Bayern-Solingen"]
[Site "?"]
[Date "1984.??.??"]
[Round "?.4"]
[White "Bischoff, K."]
[Black "Lau, R."]
[Result "0-1"]
[WhiteElo "2400"]
[BlackElo "2395"]
[PlyCount "76"]
[EventDate "1984.??.??"]

1. d4 Nf6 2. c4 e6 3. Nc3 Bb4 4. e3 c5 5. Bd3 Nc6 6. Nge2 d5 7. cxd5 Nxd5 8.
O-O cxd4 9. exd4 Be7 10. a3 O-O 11. Bc2 Nxc3 12. bxc3 b6 13. Nf4 Bd6 14. Re1
Ne7 15. Nh3 Ng6 16. Ng5 Qc7 17. Qh5 h6 18. Ne4 Bf4 19. Bb2 Qd8 20. g3 Bc7 21.
c4 Ba6 22. Bb3 Re8 23. Rad1 Bb7 24. f4 Qd7 25. a4 Rad8 26. d5 exd5 27. cxd5 Bd6
28. f5 Ne5 29. f6 g6 30. Qxh6 Nf3+ 31. Kf2 Bf8 32. Qf4 Nxe1 33. Ng5 Bc5+ 34.
Bd4 Qd6 35. Ne6 Qxf4+ 36. gxf4 Bxd4+ 37. Rxd4 Rd6 38. f5 gxf5 0-1

[Event "BL 8384 Bayern-Solingen"]
[Site "?"]
[Date "1984.??.??"]
[Round "?.5"]
[White "Dueball, J."]
[Black "Calvo Minguez, R."]
[Result "1-0"]
[WhiteElo "2445"]
[BlackElo "2420"]
[PlyCount "91"]
[EventDate "1984.??.??"]

1. e4 c5 2. Nf3 Nc6 3. d4 cxd4 4. Nxd4 Nf6 5. Nc3 d6 6. Bc4 Bd7 7. O-O g6 8.
Nxc6 Bxc6 9. Bg5 Bg7 10. Nd5 Bxd5 11. exd5 O-O 12. Re1 Qd7 13. Qd2 Rfc8 14. Bb3
Qf5 15. f3 Rc7 16. c3 b5 17. Re2 Qc8 18. Rae1 Qf8 19. f4 a5 20. a3 Rb8 21. f5
Rbb7 22. h3 Qc8 23. Rf2 Rc5 24. Qd3 b4 25. cxb4 axb4 26. a4 Qf8 27. Qd2 Qa8 28.
fxg6 hxg6 29. Qf4 Qf8 30. Qh4 Nxd5 31. Bxd5 Rxd5 32. Bxe7 Rxe7 33. Qxe7 Bd4 34.
Qxf8+ Kxf8 35. Kf1 Bxf2 36. Kxf2 b3 37. Ke3 Ke7 38. Ra1 Ra5 39. Kd4 Kd7 40. Kc4
Rg5 41. g4 f5 42. a5 Kc7 43. a6 d5+ 44. Kc5 Kb8 45. a7+ Ka8 46. Kb6 1-0

[Event "BL 8384 Bayern-Solingen"]
[Site "?"]
[Date "1984.??.??"]
[Round "?.6"]
[White "Klundt, K."]
[Black "Borik, O."]
[Result "1/2-1/2"]
[WhiteElo "2340"]
[BlackElo "2395"]
[PlyCount "66"]
[EventDate "1984.??.??"]

1. e4 c5 2. Nf3 e6 3. d4 cxd4 4. Nxd4 Nf6 5. Nc3 Bb4 6. e5 Nd5 7. Qg4 O-O 8.
Bd3 d6 9. O-O dxe5 10. Bh6 g6 11. Bxf8 Bxf8 12. Nde2 f5 13. Qg3 Qf6 14. Bc4 Nb6
15. Bb3 Bd7 16. a4 Bc6 17. Rfd1 a5 18. Nb5 Na6 19. Nec3 Nc5 20. Ba2 Re8 21. Nd6
Rd8 22. Nc4 Rxd1+ 23. Rxd1 Nxc4 24. Bxc4 Nxa4 25. Nxa4 Bxa4 26. Qc3 Bb4 27. Qd3
e4 28. Qd8+ Kg7 29. Qc8 Qxb2 30. Qxe6 Qxc2 31. Qe5+ Kh6 32. Qf4+ Kg7 33. Qe5+
Kh6 1/2-1/2

[Event "BL 8384 Bayern-Solingen"]
[Site "?"]
[Date "1984.??.??"]
[Round "?.7"]
[White "Werner, D."]
[Black "Schubert, C."]
[Result "1/2-1/2"]
[WhiteElo "2340"]
[BlackElo "2260"]
[PlyCount "154"]
[EventDate "1984.??.??"]

1. Nf3 d5 2. c4 e6 3. d4 c5 4. cxd5 exd5 5. Nc3 Nc6 6. g3 Nf6 7. Bg2 Be7 8. O-O
O-O 9. Bg5 cxd4 10. Nxd4 h6 11. Be3 Re8 12. Qb3 Na5 13. Qc2 Nc4 14. Bc1 Bg4 15.
Rd1 Rc8 16. b3 Nd6 17. Bb2 Nde4 18. Qd3 Bb4 19. Nxe4 dxe4 20. Qb5 Qe7 21. Nf5
Bxf5 22. Qxf5 Bc3 23. Rac1 Rc5 24. Ba3 Rxf5 25. Bxe7 Bb2 26. Rc2 Rxe7 27. Rxb2
Rc7 28. e3 g5 29. h3 Rfc5 30. Kf1 Kf8 31. Rbd2 Ke7 32. Ke1 Ke6 33. Rd4 Ke5 34.
Bf1 Rc2 35. a4 Rc1 36. Bc4 Rxd1+ 37. Kxd1 Re7 38. Kd2 h5 39. a5 Nd7 40. Rd5+
Kf6 41. Be2 h4 42. gxh4 gxh4 43. Rh5 Re5 44. Rxh4 Rxa5 45. Rf4+ Ke5 46. Bg4
Rd5+ 47. Kc3 Rd3+ 48. Kc2 Nf6 49. Bc8 Nd5 50. Rxf7 Nb4+ 51. Kb2 b6 52. Re7+ Kd5
53. Bb7+ Kd6 54. Rxe4 a5 55. Rd4+ Rxd4 56. exd4 Nd3+ 57. Kc3 Nxf2 58. h4 b5 59.
Bf3 Nh3 60. h5 Ke7 61. h6 Kf6 62. Be2 a4 63. b4 Nf4 64. Bf3 a3 65. Kb3 Ne6 66.
Kxa3 Nxd4 67. Be4 Ne6 68. Kb2 Nc7 69. Bb7 Kg6 70. Kc3 Kxh6 71. Kd4 Kg6 72. Kc5
Kf6 73. Kc6 Ne6 74. Kxb5 Ke5 75. Bc8 Nd4+ 76. Kc5 Nb3+ 77. Kc4 Nd4 1/2-1/2

[Event "BL 8384 Bochum-Bayern"]
[Site "?"]
[Date "1984.??.??"]
[Round "?.1"]
[White "Pfleger, He"]
[Black "Schussler, H."]
[Result "1/2-1/2"]
[WhiteElo "2505"]
[BlackElo "2485"]
[PlyCount "33"]
[EventDate "1984.??.??"]

1. c4 e6 2. Nf3 Nf6 3. g3 d5 4. Bg2 Be7 5. O-O O-O 6. d4 dxc4 7. Qc2 a6 8. Qxc4
b5 9. Qc2 Bb7 10. Bd2 Be4 11. Qc1 b4 12. Bf4 Nd5 13. Nbd2 Nxf4 14. gxf4 Bd5 15.
a3 bxa3 16. bxa3 Nd7 17. e4 1/2-1/2

[Event "BL 8384 Bochum-Bayern"]
[Site "?"]
[Date "1984.??.??"]
[Round "?.2"]
[White "Budde, V."]
[Black "Kindermann, S."]
[Result "1-0"]
[WhiteElo "2355"]
[BlackElo "2500"]
[PlyCount "101"]
[EventDate "1984.??.??"]

1. d4 Nf6 2. Nf3 e6 3. e3 c5 4. c4 d5 5. Nc3 Nc6 6. a3 a6 7. b3 Be7 8. Bb2 O-O
9. Bd3 b6 10. O-O Bb7 11. cxd5 exd5 12. dxc5 bxc5 13. Na4 Ne4 14. Bxe4 dxe4 15.
Nd2 f5 16. Rc1 Qa5 17. Nc4 Qc7 18. Nxc5 Rad8 19. Ne6 Rxd1 20. Nxc7 Rd3 21. Ne6
Rf7 22. b4 Bc8 23. Ne5 Bxe6 24. Rxc6 Bd5 25. Rc8+ Rf8 26. Rxf8+ Kxf8 27. Nxd3
exd3 28. Rd1 Bc4 29. Kf1 Kf7 30. Ke1 g6 31. Rc1 Bb5 32. Kd2 Ke6 33. Bd4 Bd6 34.
f4 Kd5 35. Be5 Be7 36. Rc7 Ke6 37. Kc3 h5 38. g3 h4 39. Ra7 h3 40. Bd4 Bc4 41.
Kd2 Bb5 42. Bc3 Bc4 43. a4 Bf8 44. Rc7 Kd5 45. Rd7+ Ke4 46. Rd4+ Kf3 47. Rxc4
Kg2 48. Rc8 Bd6 49. Rg8 Kxh2 50. Rxg6 Bf8 51. Rg8 1-0

[Event "BL 8384 Bochum-Bayern"]
[Site "?"]
[Date "1984.??.??"]
[Round "?.3"]
[White "Hecht, H."]
[Black "Heinbuch, D."]
[Result "1/2-1/2"]
[WhiteElo "2450"]
[BlackElo "2280"]
[PlyCount "61"]
[EventDate "1984.??.??"]

1. Nf3 c5 2. c4 Nf6 3. Nc3 b6 4. g3 Bb7 5. Bg2 e6 6. O-O d6 7. Re1 Be7 8. e4 a6
9. b3 Nbd7 10. d4 cxd4 11. Nxd4 Qc7 12. Ba3 O-O 13. Rc1 Rfd8 14. Qe2 Rac8 15.
Bb2 Qb8 16. f4 Bf8 17. f5 exf5 18. Nxf5 g6 19. Ne3 Re8 20. Bh3 Rcd8 21. Ncd5
Nxd5 22. Nxd5 Bxd5 23. cxd5 Nc5 24. Qf3 Bg7 25. Bxg7 Kxg7 26. b4 Nd7 27. Bxd7
Rxd7 28. Rc6 Qd8 29. Rf1 Re5 30. Qc3 Rb7 31. a4 1/2-1/2

[Event "BL 8384 Bochum-Bayern"]
[Site "?"]
[Date "1984.??.??"]
[Round "?.4"]
[White "Beckemeyer, W."]
[Black "Bischoff, K."]
[Result "0-1"]
[WhiteElo "2290"]
[BlackElo "2400"]
[PlyCount "64"]
[EventDate "1984.??.??"]

1. d4 Nf6 2. Nc3 g6 3. e4 d6 4. f4 Bg7 5. Nf3 O-O 6. Be3 b6 7. e5 Ng4 8. Bg1
Bb7 9. h3 Nh6 10. Qd2 c5 11. d5 Na6 12. Bxa6 Bxa6 13. g4 dxe5 14. fxe5 f5 15.
g5 Nf7 16. Bh2 b5 17. h4 Qb6 18. O-O-O b4 19. Ne2 Rfd8 20. Nf4 Qa5 21. Kb1 Rab8
22. Qe3 Rb6 23. Ne6 Rxd5 24. Rxd5 Bc4 25. b3 Bxd5 26. Nxg7 Kxg7 27. Rd1 Be6 28.
Ne1 Ra6 29. Nd3 Qxa2+ 30. Kc1 Qa1+ 31. Kd2 Qc3+ 32. Ke2 Ra2 0-1

[Event "BL 8384 Bochum-Bayern"]
[Site "?"]
[Date "1984.??.??"]
[Round "?.5"]
[White "Calvo Minguez, R."]
[Black "Ackermann, H."]
[Result "1-0"]
[WhiteElo "2420"]
[BlackElo "2255"]
[PlyCount "56"]
[EventDate "1984.??.??"]

1. d4 Nf6 2. c4 e6 3. Nc3 c5 4. e3 b6 5. Nf3 Bb7 6. Bd3 Na6 7. O-O Be7 8. b3 d6
9. Bb2 O-O 10. Qe2 Nc7 11. Rad1 Nd7 12. Bb1 Re8 13. Qd3 Nf8 14. Rfe1 Ng6 15.
dxc5 bxc5 16. Ne4 Bxe4 17. Qxe4 Qb8 18. h4 f5 19. Qc2 Na6 20. h5 Ne5 21. Nxe5
dxe5 22. Rd7 Nb4 23. Qd1 Nc6 24. Bxf5 Bf6 25. Be4 Qb6 26. h6 Rad8 27. hxg7 h6
28. Qh5 Ne7 {ZÜ} 1-0

[Event "BL 8384 Bochum-Bayern"]
[Site "?"]
[Date "1984.??.??"]
[Round "?.6"]
[White "Bachmann, K."]
[Black "Klundt, K."]
[Result "1/2-1/2"]
[WhiteElo "2325"]
[BlackElo "2340"]
[PlyCount "55"]
[EventDate "1984.??.??"]

1. d4 d5 2. Nf3 Nf6 3. c4 c6 4. e3 g6 5. Bd3 Bg7 6. O-O O-O 7. Nc3 Bg4 8. h3
Bxf3 9. Qxf3 e6 10. Rd1 Nbd7 11. Bf1 Re8 12. cxd5 exd5 13. b4 a6 14. a4 Nb6 15.
Bd2 Qe7 16. Be1 Ne4 17. Rdc1 f5 18. Qd1 Kh8 19. Rab1 Nd6 20. b5 axb5 21. axb5
Nbc4 22. bxc6 bxc6 23. Na4 f4 24. exf4 Qf6 25. Nb6 Nxb6 26. Rxb6 Qxf4 27. Rbxc6
Nf5 28. Qg4 1/2-1/2

[Event "BL 8384 Bochum-Bayern"]
[Site "?"]
[Date "1984.??.??"]
[Round "?.7"]
[White "Westermeier, A."]
[Black "Sehner, N."]
[Result "1/2-1/2"]
[WhiteElo "2285"]
[BlackElo "2315"]
[PlyCount "32"]
[EventDate "1984.??.??"]

1. e4 c5 2. Nf3 d6 3. d4 cxd4 4. Nxd4 Nf6 5. Nc3 a6 6. Bg5 Nbd7 7. Qf3 g6 8.
O-O-O Bg7 9. Be2 O-O 10. Qe3 Qc7 11. Bh6 b5 12. a3 Bb7 13. Bxg7 Kxg7 14. g4 Nc5
15. f3 Nfd7 16. h4 e5 1/2-1/2

[Event "BL 8384 Bochum-Bayern"]
[Site "?"]
[Date "1984.??.??"]
[Round "?.8"]
[White "Roevekamp, F."]
[Black "Schubert, C."]
[Result "0-1"]
[WhiteElo "2325"]
[BlackElo "2260"]
[PlyCount "98"]
[EventDate "1984.??.??"]

1. e4 c5 2. Nf3 Nc6 3. Bb5 g6 4. O-O Bg7 5. c3 Nf6 6. d4 cxd4 7. cxd4 d5 8. e5
Ne4 9. Ne1 Qb6 10. a4 O-O 11. Bxc6 bxc6 12. a5 Qc7 13. f3 Ba6 14. Nd3 c5 15.
fxe4 dxe4 16. Nxc5 Bxf1 17. Qxf1 Bxe5 18. Nxe4 Bxd4+ 19. Kh1 Be5 20. h3 Qc2 21.
Nbc3 Rfd8 22. Qf2 Qxf2 23. Nxf2 Bd4 24. Nfd1 Rab8 25. Ra4 f5 26. Rc4 Rbc8 27.
Rxc8 Rxc8 28. Bd2 e5 29. Ne3 Rb8 30. Ned1 Kf7 31. Na4 Ke6 32. b4 f4 33. Ndb2 e4
34. Bxf4 Rxb4 35. Bd2 Rxb2 36. Nxb2 Bxb2 37. Be3 a6 38. Kg1 Kd5 39. Kf1 Bd4 40.
Bd2 Kc4 41. Ke2 Bc3 42. Bc1 Bxa5 43. Ke3 Kd5 44. Kf4 Bc7+ 45. Kg5 Bb6 46. Kh6
e3 47. Kxh7 a5 48. Kxg6 e2 49. Bd2 a4 0-1

[Event "BL 8384 Solingen-München 36"]
[Site "?"]
[Date "1984.??.??"]
[Round "?.1"]
[White "Unzicker, W."]
[Black "Huebner, R."]
[Result "1/2-1/2"]
[WhiteElo "2455"]
[BlackElo "2620"]
[PlyCount "87"]
[EventDate "1984.??.??"]

1. e4 c5 2. Nf3 e6 3. d4 cxd4 4. Nxd4 Nf6 5. Nc3 Nc6 6. Ndb5 d6 7. Bf4 e5 8.
Bg5 a6 9. Na3 b5 10. Nd5 Be7 11. Bxf6 Bxf6 12. c3 O-O 13. Be2 Bg5 14. Nc2 Rb8
15. O-O f5 16. exf5 Bxf5 17. Nce3 Be6 18. Bg4 Bf7 19. Bh5 g6 20. Bf3 Qd7 21. a4
a5 22. axb5 Rxb5 23. h4 Bd8 24. Qa4 Nb8 25. Rfd1 Be6 26. Rd2 Kh8 27. Be2 Rb7
28. Bg4 Qf7 29. Bxe6 Qxe6 30. Qg4 Qxg4 31. Nxg4 Nd7 32. b4 axb4 33. cxb4 Nb6
34. Nge3 Bxh4 35. Nxb6 Rxb6 36. Nd5 Rb5 37. Ra5 Rfb8 38. Rda2 Kg7 39. Rxb5 Rxb5
40. Ra5 Rb7 41. Ra6 Kf7 42. Rxd6 Be7 43. Nxe7 Kxe7 44. Rc6 1/2-1/2

[Event "BL 8384 Solingen-München 36"]
[Site "?"]
[Date "1984.??.??"]
[Round "?.3"]
[White "Bastian, H."]
[Black "Lobron, E."]
[Result "1/2-1/2"]
[WhiteElo "2375"]
[BlackElo "2480"]
[PlyCount "90"]
[EventDate "1984.??.??"]

1. e4 g6 2. d4 Bg7 3. c3 d5 4. exd5 Qxd5 5. Be2 Nf6 6. Bf3 Qd8 7. Ne2 Nbd7 8.
Bf4 O-O 9. O-O c5 10. Na3 cxd4 11. cxd4 Nb6 12. Rc1 Nbd5 13. Bd2 Be6 14. Nc4
Rc8 15. Qa4 Qd7 16. Qa3 Qb5 17. Ne3 Qd7 18. Rxc8 Rxc8 19. Qxa7 Nxe3 20. Bxe3
Nd5 21. Nc3 Nxc3 22. bxc3 Rxc3 23. Bxb7 h5 24. d5 Bf5 25. Qb8+ Kh7 26. Bc6 Qd6
27. Qxd6 exd6 28. a4 Ra3 29. Bf4 Bd3 30. Bxd6 Ra2 31. Bc5 Bxf1 32. Kxf1 Bf6 33.
Bb6 Be7 34. g3 Bd6 35. Kg2 Ra3 36. a5 Bb4 37. d6 Bxd6 38. Bb7 Bb8 39. a6 Kg8
40. Bc5 Rc3 41. Bd4 Rd3 42. Be3 Ra3 43. Bc5 Rc3 44. Bd4 Rd3 45. Be3 Ra3 1/2-1/2

[Event "BL 8384 Lasker-HSK"]
[Site "?"]
[Date "1984.??.??"]
[Round "?.2"]
[White "Paulsen, D."]
[Black "Chandler, M."]
[Result "1-0"]
[WhiteElo "2375"]
[BlackElo "2485"]
[PlyCount "85"]
[EventDate "1984.??.??"]

1. d4 d5 2. c4 e6 3. Nc3 c5 4. e3 Nc6 5. Nf3 Nf6 6. a3 cxd4 7. exd4 Ne4 8. Be3
Be7 9. c5 O-O 10. Bb5 Bd7 11. O-O Nxc3 12. bxc3 b6 13. cxb6 axb6 14. a4 Na5 15.
Qb1 Bxb5 16. Qxb5 Qc7 17. Ne5 Bd6 18. Rfe1 Bxe5 19. dxe5 Nc4 20. Bd4 Ra5 21.
Qb3 Rfa8 22. Ra2 h6 23. f4 Qc6 24. Rea1 R8a6 25. g3 Qa8 26. Qd1 g6 27. h4 h5
28. g4 hxg4 29. h5 gxh5 30. f5 Qf8 31. Qc1 exf5 32. Rh2 b5 33. Rxh5 Rg6 34. Qf4
Raa6 35. e6 f6 36. Qxf5 Rg7 37. Re1 Nd6 38. Qf4 Rg6 39. Qh2 Qg7 40. e7 Ne8 41.
Qb8 Qf7 42. Qxb5 Ra8 43. Rxd5 1-0

[Event "BL 8384 Lasker-HSK"]
[Site "?"]
[Date "1984.??.??"]
[Round "?.3"]
[White "Reefschlaeger, H."]
[Black "Cladouras, P."]
[Result "1/2-1/2"]
[WhiteElo "2430"]
[BlackElo "2290"]
[PlyCount "47"]
[EventDate "1984.??.??"]

1. d4 Nf6 2. Nf3 e6 3. e3 b6 4. Bd3 c5 5. O-O Be7 6. b3 O-O 7. Bb2 Bb7 8. Nbd2
d6 9. Qe2 Nbd7 10. Rfd1 cxd4 11. Nxd4 Nc5 12. Bb5 Qc8 13. b4 Nce4 14. Nxe4 Nxe4
15. c4 e5 16. Nf5 Qxf5 17. f3 Ng5 18. e4 Qg6 19. Bd7 Rfd8 20. Bf5 Qh6 21. Bc1
g6 22. Bg4 Qf8 23. Bxg5 Bxg5 24. Bh3 1/2-1/2

[Event "BL 8384 Lasker-HSK"]
[Site "?"]
[Date "1984.??.??"]
[Round "?.4"]
[White "Fette, M."]
[Black "Cordes, H."]
[Result "1-0"]
[WhiteElo "2265"]
[BlackElo "2305"]
[PlyCount "61"]
[EventDate "1984.??.??"]

1. e4 Nf6 2. Nc3 d5 3. e5 d4 4. exf6 dxc3 5. fxg7 cxd2+ 6. Bxd2 Bxg7 7. Qf3 Qd4
8. c3 Qb6 9. O-O-O Nd7 10. Qg3 O-O 11. Nf3 Nf6 12. Bd3 Kh8 13. Qh4 Bg4 14. Bg5
h5 15. h3 Bxf3 16. gxf3 Rad8 17. Rhg1 Rd5 18. Be3 c5 19. Be4 Rxd1+ 20. Rxd1 Qe6
21. Bb1 b5 22. Rg1 b4 23. c4 Rd8 24. Bc2 Rg8 25. Kb1 Bf8 26. Bg5 Qe5 27. f4 Qe2
28. Bxf6+ exf6 29. Qxf6+ Rg7 30. Qh6+ Kg8 31. Bh7+ 1-0

[Event "BL 8384 Lasker-HSK"]
[Site "?"]
[Date "1984.??.??"]
[Round "?.6"]
[White "Grzesik, F."]
[Black "Hess, C."]
[Result "1/2-1/2"]
[WhiteElo "2260"]
[BlackElo "2230"]
[PlyCount "38"]
[EventDate "1984.??.??"]

1. e4 c5 2. c3 d5 3. exd5 Qxd5 4. d4 e6 5. Nf3 Nf6 6. Bd3 Be7 7. O-O O-O 8. Qe2
cxd4 9. cxd4 Nc6 10. Rd1 Nb4 11. Nc3 Qh5 12. Bc4 Nbd5 13. Ne5 Qxe2 14. Bxe2 b6
15. Nc6 Bb7 16. Nxe7+ Nxe7 17. Bf4 Ned5 18. Nxd5 Nxd5 19. Be3 Rac8 1/2-1/2

[Event "BL 8384 Braunschweig-Delmenhorst"]
[Site "?"]
[Date "1984.??.??"]
[Round "?.1"]
[White "Hermann, Man"]
[Black "Eng, H."]
[Result "1/2-1/2"]
[WhiteElo "2335"]
[BlackElo "2280"]
[PlyCount "92"]
[EventDate "1984.??.??"]

1. e4 e5 2. Nf3 Nf6 3. Nxe5 d6 4. Nf3 Nxe4 5. d4 Be7 6. Bd3 d5 7. O-O Nc6 8.
Re1 Bg4 9. c4 Nf6 10. cxd5 Nxd5 11. Nc3 O-O 12. h3 Be6 13. Qc2 h6 14. Bh7+ Kh8
15. Bf5 Bxf5 16. Qxf5 Nxc3 17. bxc3 Bd6 18. Re4 Ne7 19. Qb5 Nd5 20. Bd2 Nf6 21.
Re2 Rb8 22. c4 a6 23. Qf5 Qc8 24. Qc2 Re8 25. Rae1 Rxe2 26. Rxe2 Qd7 27. Ne5
Bxe5 28. dxe5 Ng8 29. Qe4 b5 30. cxb5 Qxb5 31. Bc3 Qb1+ 32. Qxb1 Rxb1+ 33. Kh2
Rc1 34. Bb2 Rc6 35. f4 Ne7 36. Rd2 Nf5 37. Re2 Kg8 38. g4 Ne3 39. Rxe3 Rc2+ 40.
Kg3 Rxb2 41. Rc3 Rxa2 42. Rxc7 Ra3+ 43. Kg2 g6 44. Rd7 Ra2+ 45. Kf3 Ra3+ 46.
Ke4 Ra4+ 1/2-1/2

[Event "BL 8384 Braunschweig-Delmenhorst"]
[Site "?"]
[Date "1984.??.??"]
[Round "?.2"]
[White "Schruefer, G."]
[Black "Meyer, H."]
[Result "0-1"]
[WhiteElo "2205"]
[BlackElo "2340"]
[PlyCount "82"]
[EventDate "1984.??.??"]

1. e4 e6 2. d4 d5 3. Nd2 Nf6 4. e5 Nfd7 5. f4 c5 6. c3 Nc6 7. Ndf3 Qb6 8. g3 f6
9. Bh3 cxd4 10. cxd4 Bb4+ 11. Kf1 fxe5 12. fxe5 O-O 13. Kg2 Ndxe5 14. dxe5 Nxe5
15. Qe2 Nc4 16. Bf4 e5 17. Nxe5 Bxh3+ 18. Nxh3 Rae8 19. Rhf1 Bd6 20. Ng5 Bxe5
21. Bxe5 Ne3+ 22. Kh1 Rxf1+ 23. Rxf1 Rxe5 24. Qh5 Qg6 25. Qxg6 hxg6 26. Re1 Nc4
27. Rxe5 Nxe5 28. Kg2 Kf8 29. Ne6+ Ke7 30. Nf4 Kd6 31. h4 Kc5 32. Kf2 Kd4 33.
Ne2+ Kd3 34. Nf4+ Ke4 35. Ne6 b6 36. Ke2 d4 37. Nxg7 d3+ 38. Kd1 Nc4 39. b3
Ne3+ 40. Kd2 Nf1+ 41. Kd1 Kd4 0-1

[Event "BL 8384 HSK-Braunschweig"]
[Site "?"]
[Date "1984.??.??"]
[Round "?.2"]
[White "Chandler, M."]
[Black "Schruefer, G."]
[Result "1-0"]
[WhiteElo "2485"]
[BlackElo "2205"]
[PlyCount "71"]
[EventDate "1984.??.??"]

1. e4 c5 2. Nf3 d6 3. d4 cxd4 4. Nxd4 Nf6 5. Nc3 a6 6. Be3 e5 7. Nf3 Qc7 8. a4
Be7 9. a5 Be6 10. Ng5 Bc4 11. Bxc4 Qxc4 12. Ra4 Qc8 13. O-O O-O 14. Qe2 Nbd7
15. Rd1 Qc7 16. Nf3 Rac8 17. Nd2 Rfd8 18. Bg5 Qb8 19. Nc4 b5 20. axb6 Nxb6 21.
Nxb6 Qxb6 22. Ra2 a5 23. Bxf6 Bxf6 24. Nd5 Qb7 25. b3 Bg5 26. Rxa5 Ra8 27. Rda1
h6 28. g3 Kh8 29. Rxa8 Rxa8 30. Rxa8+ Qxa8 31. b4 f5 32. b5 Bd8 33. c4 fxe4 34.
Qxe4 Bb6 35. Kg2 Bd4 36. Nf6 1-0

[Event "BL 8384 Delmenhorst-Lasker"]
[Site "?"]
[Date "1984.??.??"]
[Round "?.1"]
[White "Wockenfuss, K."]
[Black "Hermann, Man"]
[Result "1-0"]
[WhiteElo "2355"]
[BlackElo "2335"]
[PlyCount "100"]
[EventDate "1984.??.??"]

1. Nf3 d5 2. c4 c6 3. d4 Nf6 4. Qc2 g6 5. Bf4 Bg7 6. e3 O-O 7. Nc3 b6 8. Be2
Bb7 9. O-O Nbd7 10. cxd5 cxd5 11. h3 Ne4 12. Qb3 Nxc3 13. Qxc3 Nc5 14. Qa3 Ne4
15. Rac1 Nd6 16. Bxd6 exd6 17. Bb5 Qe7 18. Bc6 Rfd8 19. Qb3 Bxc6 20. Rxc6 Qe6
21. Rfc1 Bf6 22. Ne1 Rac8 23. Nd3 Rxc6 24. Rxc6 Qf5 25. Rc7 Bh4 26. Qc2 Rd7 27.
Rc8+ Rd8 28. Rc6 Re8 29. Nb4 Qe6 30. Qb3 Qf5 31. Rc2 Rc8 32. Rxc8+ Qxc8 33. g3
Bxg3 34. fxg3 Qxh3 35. e4 dxe4 36. Nd5 Kg7 37. Qe3 Qg4 38. Nc3 h5 39. Kg2 f5
40. Qf4 Qxf4 41. gxf4 Kf6 42. Nd5+ Ke6 43. Ne3 g5 44. fxg5 f4 45. Nc4 h4 46. g6
d5 47. Ne5 Kf6 48. Kh2 f3 49. Kh1 e3 50. Nxf3 Kxg6 1-0

[Event "BL 8384 Delmenhorst-Lasker"]
[Site "?"]
[Date "1984.??.??"]
[Round "?.2"]
[White "Meyer, H."]
[Black "Paulsen, D."]
[Result "1/2-1/2"]
[WhiteElo "2340"]
[BlackElo "2375"]
[PlyCount "54"]
[EventDate "1984.??.??"]

1. d4 Nf6 2. c4 e6 3. Nc3 d5 4. Bf4 a6 5. e3 dxc4 6. Bxc4 b5 7. Bb3 Bb7 8. Nf3
Bd6 9. Bxd6 cxd6 10. a3 O-O 11. O-O Nbd7 12. Qe2 Ne4 13. Nxe4 Bxe4 14. Nd2 Bb7
15. Rfd1 Qf6 16. Bc2 Rac8 17. Be4 Bxe4 18. Nxe4 Qe7 19. a4 d5 20. Nd2 Qb4 21.
axb5 axb5 22. Ra7 Nb6 23. b3 g6 24. h4 Ra8 25. Rb7 Rfb8 26. Rxb8+ Rxb8 27. Rc1
Rc8 1/2-1/2

[Event "BL 8384 Delmenhorst-Lasker"]
[Site "?"]
[Date "1984.??.??"]
[Round "?.3"]
[White "Cladouras, P."]
[Black "Juhnke, K."]
[Result "0-1"]
[WhiteElo "2290"]
[BlackElo "2325"]
[PlyCount "100"]
[EventDate "1984.??.??"]

1. e4 c5 2. Nf3 d6 3. d4 cxd4 4. Nxd4 Nf6 5. Nc3 a6 6. a4 e6 7. Bd3 Be7 8. O-O
Nc6 9. Nxc6 bxc6 10. e5 dxe5 11. Qf3 Nd5 12. Re1 Qc7 13. Qg3 g6 14. Bh6 f6 15.
Ne4 Kf7 16. c4 Nf4 17. Bf1 Rb8 18. Qf3 c5 19. Qc3 Bb7 20. g3 Nh5 21. Bg2 Ng7
22. g4 Rhd8 23. f4 Rd4 24. fxe5 f5 25. Bxg7 Kxg7 26. gxf5 exf5 27. Nf2 Bxg2 28.
Kxg2 Qb7+ 29. Qf3 Qxf3+ 30. Kxf3 Rxb2 31. Reb1 Rxb1 32. Rxb1 Rxc4 33. Rb7 Kf7
34. Nd3 g5 35. Ra7 Rxa4 36. Nxc5 Ra3+ 37. Kg2 Ra5 38. Nd3 Rd5 39. Ne1 a5 40.
Nf3 h6 41. Ra6 g4 42. Ng1 Rxe5 43. Rxh6 a4 44. Ra6 Bc5 45. Rxa4 Re1 46. Nh3
gxh3+ 47. Kxh3 Re3+ 48. Kg2 Re2+ 49. Kf3 Rxh2 50. Ra5 Rf2+ 0-1

[Event "BL 8384 Delmenhorst-Lasker"]
[Site "?"]
[Date "1984.??.??"]
[Round "?.6"]
[White "Tielemann, K."]
[Black "Grzesik, F."]
[Result "1/2-1/2"]
[WhiteElo "2225"]
[BlackElo "2260"]
[PlyCount "100"]
[EventDate "1984.??.??"]

1. d4 d5 2. c4 e6 3. Nc3 Be7 4. cxd5 exd5 5. Bf4 c6 6. e3 Nf6 7. Bd3 O-O 8. Qc2
Bg4 9. Nge2 Bxe2 10. Qxe2 Re8 11. O-O Nbd7 12. Rab1 a5 13. Rfc1 Nf8 14. h3 Ne6
15. Bh2 Bf8 16. Qc2 Ng5 17. a3 Nge4 18. b4 Qd7 19. Na4 Qe7 20. Nc5 axb4 21.
axb4 Ra3 22. Bxe4 Nxe4 23. Nxe4 Qxe4 24. Qxe4 Rxe4 25. b5 Re6 26. Bg3 Ra8 27.
b6 Ra6 28. Bc7 Re8 29. Ra1 Rea8 30. Rxa6 Rxa6 31. g4 f6 32. Kg2 Ra2 33. Kg3 Kf7
34. h4 Ke6 35. Rxc6+ bxc6 36. b7 Rb2 37. b8=Q Rxb8 38. Bxb8 c5 39. dxc5 Bxc5
40. Kf3 g6 41. Ke2 d4 42. exd4 Bxd4 43. f3 h5 44. gxh5 gxh5 45. Bg3 Kf5 46. Kf1
Be5 47. Be1 Kf4 48. Kg2 Ke3 49. Bb4 Ke2 50. Be7 f5 1/2-1/2

[Event "BL 8384 Koblenz-Münster"]
[Site "?"]
[Date "1984.??.??"]
[Round "?.1"]
[White "Wiemer, R."]
[Black "Doncevic, D."]
[Result "1/2-1/2"]
[WhiteElo "2290"]
[BlackElo "2340"]
[PlyCount "76"]
[EventDate "1984.??.??"]

1. e4 e6 2. d4 d5 3. Nc3 Bb4 4. Nge2 Nf6 5. e5 Nfd7 6. a3 Be7 7. Be3 b6 8. f4
f5 9. g4 fxg4 10. Ng3 h5 11. h3 Bh4 12. Bf2 gxh3 13. Bxh3 Nf8 14. Qf3 g6 15.
O-O-O Nc6 16. Kb1 Bxg3 17. Bxg3 Ne7 18. Bh4 Bb7 19. Bf6 Rh7 20. Ne2 Qd7 21. f5
gxf5 22. Nf4 O-O-O 23. Nxh5 c5 24. c3 Kb8 25. Rdg1 Rc8 26. Nf4 cxd4 27. cxd4
Nc6 28. Qd3 Na5 29. Bf1 Rxh1 30. Rxh1 Bc6 31. Rg1 Ba4 32. Rg7 Qc6 33. Qc3 Bc2+
34. Ka2 Qa4 35. Qb4 Bb3+ 36. Kb1 Qc6 37. Qc3 Qa4 38. Qb4 Qc6 1/2-1/2